Europa - Physische Geographie - Statistiken

Allgemein
  • Dieses Quiz wurde 8.296 mal gespielt
    8.269 seit der letzten Aktualisierung
  • Das Durchschnittsergebnis liegt bei 13 aus 23
Antwortstatistiken
Hinweis Antwort % Korrekt
Längste Flüsse Donau
87%
Gebirgszug, der acht Länder berührt Alpen
86%
Größte Inseln Irland
78%
Größte Inseln Island
78%
Region von Schweden, Norwegen und Dänemark Skandinavien
73%
Gebirgszüge, die Europa und Asien trennen Ural
72%
Meer östlich von Italien Adria
69%
Größte Inseln Großbritannien
66%
Größte Inseln Sizilien
66%
Die bottnischen und finnischen Meerbusensind Teil dieses Meeres Ostsee
65%
Halbinsel, auf der Spanien und Portugal liegen Iberien
63%
Größte Inseln Sardinien
62%
Längste Flüsse Wolga
62%
Gebirgszug zwischen Frankreich und Spanien Pyrenäen
57%
Halbinsel, auf der Jugoslawien lag Balkan
55%
Art des Feuchtgebiets, in dem sich Torf ansammelt Moor
52%
Gebirgszüge, die Europa und Asien trennen Kaukasus
44%
Zu Norwegen gehörende arktische Inselgruppe Spitzbergen
44%
Meer östlich von Griechenland Ägäis
43%
Der größte Teil Dänemarks liegt auf dieserHalbinsel Jütland
35%
Höchster Berg Elbrus
31%
Bucht zwischen Frankreich und Spanien Bucht von Biskaya
29%
Halbinsel an der südwestlichen Spitze Englands Cornwall
26%
Keine übereinstimmenden Quizze gefunden
Verteilung der Resultate
Anzahl Personen mit jedem Resultat
Perzentil nach korrekt beantworteten Fragen
Ihre Resultats-Entwicklung
Sie haben dieses Quiz seit der letzten Aktualisierung nicht gespielt